[Event "Petroupoli op"]
[Site "Petroupoli"]
[Date "2013.10.16"]
[Round "4"]
[White "Karagiannis, Athanasios"]
[Black "Kakadelis, Stratos"]
[Result "1-0"]
[WhiteElo "2248"]
[BlackElo "2025"]
[PlyCount "105"]
[EventDate "2013.09.25"]
[EventType "swiss"]
[EventRounds "7"]
[EventCountry "GRE"]
[SourceTitle "EXT 2014"]
[Source "ChessBase"]
[SourceDate "2013.11.20"]
[SourceVersion "1"]
[SourceVersionDate "2013.11.20"]
[SourceQuality "1"]

1. d4 d5 2. Nc3 Bf5 3. f3 e6 4. e4 Bg6 5. exd5 exd5 6. Qe2+ Ne7 7. Bf4 a6 8. h4 h6 9. h5 Bh7 10. 0-0-0 Qd7 11. g3 Nbc6 12. Na4 0-0-0 13. Nc5 Qe8 14. Nxb7 Kxb7 15. Qxa6+ Kb8 16. Re1 Qd7 17. Re3 Nc8 18. Rb3+ Nb4 19. Bh3 Qe8 20. Bd2 Bxc2 21. Bxc8 Rxc8 22. Rxb4+ Bxb4 23. Bxb4 Qa4 24. Qxa4 Bxa4 25. Ne2 Rhe8 26. Kd2 Rcd8 27. Nf4 Kb7 28. b3 Bd7 29. Rc1 Bf5 30. g4 Bh7 31. Rg1 Ra8 32. a4 Rad8 33. Bc5 c6 34. g5 hxg5 35. Rxg5 Rg8 36. b4 Rde8 37. b5 Rd8 38. Kc3 g6 39. a5 cxb5 40. Nxd5 gxh5 41. Rxh5 Bg6 42. Re5 Rge8 43. a6+ Kc6 44. Ne7+ Kc7 45. d5 Ra8 46. f4 f6 47. Re6 Bf7 48. Rxf6 Rxe7 49. d6+ Kd7 50. dxe7 Bc4 51. a7 Re8 52. f5 Bf1 53. Rd6+ 1-0

[Event "Athens op 08"]
[Site "Athens"]
[Date "2012.08.08"]
[Round "7"]
[White "Sideris, Theodoros"]
[Black "Kakadelis, Stratos"]
[Result "1-0"]
[WhiteElo "1972"]
[BlackElo "2007"]
[PlyCount "79"]
[EventDate "2012.07.30"]
[EventType "swiss"]
[EventRounds "7"]
[EventCountry "GRE"]
[SourceTitle "EXT 2014"]
[Source "ChessBase"]
[SourceDate "2013.11.20"]
[SourceVersion "1"]
[SourceVersionDate "2013.11.20"]
[SourceQuality "1"]

1. e4 e6 2. d4 c5 3. d5 Nf6 4. dxe6 fxe6 5. Bg5 Qa5+ 6. Qd2 Qc7 7. Nc3 a6 8. Bxf6 gxf6 9. Be2 h5 10. Qd1 h4 11. Bh5+ Ke7 12. Nh3 Nc6 13. Qg4 Bh6 14. f4 Nd4 15. 0-0 b6 16. Qg6 Qd8 17. Nd5+ Kd6 18. Nxf6 Kc7 19. c3 Nc6 20. e5 Ne7 21. Qd3 Bb7 22. Bf3 Bxf3 23. Rxf3 Bg7 24. Ng5 Bxf6 25. exf6 Nf5 26. Nf7 Qxf6 27. Nxh8 Qxh8 28. Qe4 Qg8 29. Rd1 Rd8 30. b4 Qg4 31. Rfd3 d5 32. Qe5+ Rd6 33. bxc5 bxc5 34. Rb1 c4 35. Rd2 h3 36. Rdb2 hxg2 37. Qh8 Rd8 38. Rb7+ Kc6 39. Qxd8 Qxf4 40. Qb6# 1-0

[Event "Ambelokipi op 118th"]
[Site "Athens"]
[Date "2011.10.22"]
[Round "5"]
[White "Kostouros, Alexandros"]
[Black "Kakadelis, Stratos"]
[Result "1-0"]
[WhiteElo "2113"]
[BlackElo "2059"]
[PlyCount "61"]
[EventDate "2011.10.08"]
[EventType "swiss"]
[EventRounds "7"]
[EventCountry "GRE"]
[SourceTitle "EXT 2024"]
[Source "ChessBase"]
[SourceDate "2023.10.10"]
[SourceVersion "1"]
[SourceVersionDate "2023.10.10"]
[SourceQuality "1"]

1. e4 e6 2. d4 c5 3. c3 d5 4. exd5 exd5 5. Nf3 Nf6 6. Bb5+ Bd7 7. Qe2+ Be7 8. dxc5 0-0 9. b4 Bg4 10. 0-0 Ne4 11. h3 Bh5 12. Be3 Bf6 13. Bd4 Nc6 14. Bxc6 bxc6 15. Qd3 Re8 16. Bxf6 Qxf6 17. Nd4 Bg6 18. Qf3 Qh4 19. Nxc6 Re6 20. Nd4 Rf6 21. Qe3 Bh5 22. Nd2 Rg6 23. Nxe4 dxe4 24. Nf5 Rxg2+ 25. Kxg2 Bf3+ 26. Kh2 Qf6 27. Ng3 Re8 28. Rae1 h5 29. Qd4 Qg5 30. Rg1 h4 31. Nh5 1-0

[Event "Artemis Cup 3rd"]
[Site "Leros"]
[Date "2011.07.14"]
[Round "3"]
[White "Matthiesen, Arne"]
[Black "Kakadelis, Stratos"]
[Result "1/2-1/2"]
[WhiteElo "2313"]
[BlackElo "2062"]
[PlyCount "79"]
[EventDate "2011.07.12"]
[EventType "swiss"]
[EventRounds "9"]
[EventCountry "GRE"]
[SourceTitle "CBM 143 Extra"]
[Source "ChessBase"]
[SourceDate "2011.08.29"]
[SourceVersion "1"]
[SourceVersionDate "2011.08.29"]
[SourceQuality "1"]

1. d4 e6 2. c4 c5 3. Nf3 Nf6 4. Nc3 cxd4 5. Nxd4 a6 6. e4 Qc7 7. Qe2 d6 8. g4 Nc6 9. Nxc6 bxc6 10. g5 Nd7 11. h4 e5 12. f4 exf4 13. Bxf4 Ne5 14. Bh3 Be7 15. 0-0-0 a5 16. Bxc8 Rxc8 17. c5 dxc5 18. Qh2 f6 19. Qh3 Rb8 20. Bxe5 Qxe5 21. Qd7+ Kf7 22. Qxc6 Rhc8 23. Qd5+ Qxd5 24. Nxd5 fxg5 25. Nxe7 Kxe7 26. hxg5 Rh8 27. Rd5 Rbc8 28. Rhd1 Rc7 29. Re5+ Kf7 30. Rf5+ Ke7 31. Rdd5 Rhc8 32. Rde5+ Kd6 33. Rd5+ Ke6 34. Kc2 a4 35. Kc3 Ke7 36. a3 Ke6 37. Rde5+ Kd6 38. Rd5+ Ke6 39. Rde5+ Kd6 40. Rd5+ 1/2-1/2

[Event "Ambelokipi op 81st"]
[Site "Athens"]
[Date "2007.10.08"]
[Round "1"]
[White "Diatsintos, Ilias"]
[Black "Kakadelis, Stratos"]
[Result "0-1"]
[WhiteElo "1756"]
[BlackElo "2096"]
[PlyCount "76"]
[EventDate "2007.10.06"]
[EventType "swiss"]
[EventRounds "6"]
[EventCountry "GRE"]
[SourceTitle "EXT 2008"]
[Source "ChessBase"]
[SourceDate "2007.11.25"]
[SourceVersion "1"]
[SourceVersionDate "2007.11.25"]
[SourceQuality "1"]

1. d4 e6 2. c4 c5 3. d5 exd5 4. cxd5 d6 5. Nc3 g6 6. e4 Bg7 7. Bd3 Nd7 8. Nf3 a6 9. Bf4 Qe7 10. 0-0 Ngf6 11. Qd2 0-0 12. Bh6 b5 13. Bxg7 Kxg7 14. Rfe1 Re8 15. Rac1 Ne5 16. Nxe5 Qxe5 17. f4 Qd4+ 18. Qe3 Qxe3+ 19. Rxe3 b4 20. Na4 Nxd5 21. Rf3 Nf6 22. e5 dxe5 23. fxe5 Ng4 24. Nxc5 Nxe5 25. Rf4 Nxd3 26. Nxd3 a5 27. Rc7 Be6 28. Nc5 Bd5 29. Rd4 Rad8 30. b3 Re2 31. Kf1 Rxa2 32. Ne6+ Bxe6 33. Rxd8 Bxb3 34. h4 Be6 35. Rb8 b3 36. g4 a4 37. g5 b2 38. Ra7 Bb3 0-1

[Event "Ambelokipi op 75th"]
[Site "Athens"]
[Date "2007.01.31"]
[Round "6"]
[White "Kakadelis, Stratos"]
[Black "Draci, Robert"]
[Result "1-0"]
[WhiteElo "2097"]
[BlackElo "2201"]
[PlyCount "91"]
[EventDate "2007.01.13"]
[EventType "swiss"]
[EventRounds "7"]
[EventCountry "GRE"]
[SourceTitle "CBM 116 Extra"]
[Source "ChessBase"]
[SourceDate "2007.03.07"]
[SourceVersion "1"]
[SourceVersionDate "2007.03.07"]
[SourceQuality "1"]

1. c4 e5 2. Nc3 Nf6 3. Nf3 Nc6 4. a3 a5 5. g3 Bc5 6. Bg2 d6 7. e3 Bg4 8. h3 Bh5 9. g4 Bg6 10. d4 exd4 11. exd4 Bb6 12. 0-0 0-0 13. Bg5 Ne7 14. Nh4 c6 15. Qd2 Ne8 16. Nxg6 hxg6 17. Rfe1 f6 18. Bf4 d5 19. Qe3 Rf7 20. cxd5 cxd5 21. Qe6 Kf8 22. Nxd5 Bxd4 23. Rad1 Nc6 24. Ne3 Re7 25. Qc4 Rd7 26. Bxc6 bxc6 27. Qxc6 Rc8 28. Qa4 Nc7 29. Bxc7 Rcxc7 30. Rd3 Bxb2 31. Rxd7 Rxd7 32. Nc4 Bc3 33. Rc1 Rd3 34. Qc6 Bd4 35. Re1 Rxh3 36. Kg2 Rc3 37. Rh1 Ke7 38. Qe4+ Kf7 39. Re1 Bc5 40. Qe6+ Kf8 41. Ne3 Qa8+ 42. Kg1 Qb8 43. Kg2 Qb7+ 44. Nd5 Qb8 45. Nxc3 Bxa3 46. Nd5 1-0

[Event "Ambelokipi op 75th"]
[Site "Athens"]
[Date "2007.01.27"]
[Round "5"]
[White "Kakadelis, Stratos"]
[Black "Michailidis, Dimitrios"]
[Result "1-0"]
[WhiteElo "2097"]
[BlackElo "1980"]
[PlyCount "85"]
[EventDate "2007.01.13"]
[EventType "swiss"]
[EventRounds "7"]
[EventCountry "GRE"]
[SourceTitle "CBM 116 Extra"]
[Source "ChessBase"]
[SourceDate "2007.03.07"]
[SourceVersion "1"]
[SourceVersionDate "2007.03.07"]
[SourceQuality "1"]

1. c4 e6 2. Nc3 f5 3. g3 Nf6 4. Bg2 Bb4 5. Qb3 Bxc3 6. Qxc3 0-0 7. b3 d6 8. Bb2 c6 9. d3 Bd7 10. Nf3 Be8 11. 0-0 Nbd7 12. Ba3 Qc7 13. Qd4 c5 14. Qc3 Bh5 15. b4 Bxf3 16. Bxf3 Rae8 17. bxc5 Nxc5 18. Rfb1 b6 19. Bxc5 dxc5 20. a4 e5 21. a5 e4 22. axb6 axb6 23. Bg2 f4 24. Ra6 fxg3 25. hxg3 exd3 26. Qxd3 Ng4 27. Bf3 Rd8 28. Qe4 Ne5 29. Rbxb6 Rd4 30. Rb7 Rxe4 31. Rxc7 Nxf3+ 32. exf3 Re5 33. f4 Ref5 34. Ra5 g5 35. Raa7 R8f7 36. Rxf7 Rxf7 37. Rxf7 Kxf7 38. fxg5 Kg6 39. f4 Kf5 40. Kf2 Ke4 41. Ke2 Kd4 42. f5 Kxc4 43. g6 1-0

[Event "Ambelokipi op 71st"]
[Site "Athens"]
[Date "2006.09.20"]
[Round "4"]
[White "Koerant, Filipos"]
[Black "Kakadelis, Stratos"]
[Result "1/2-1/2"]
[WhiteElo "2111"]
[BlackElo "2157"]
[PlyCount "54"]
[EventDate "2006.09.09"]
[EventType "swiss"]
[EventRounds "7"]
[EventCountry "GRE"]
[SourceTitle "EXT 2007"]
[Source "ChessBase"]
[SourceDate "2006.11.23"]
[SourceVersion "1"]
[SourceVersionDate "2006.11.23"]
[SourceQuality "1"]

1. d4 e6 2. c4 c5 3. d5 exd5 4. cxd5 d6 5. Nc3 g6 6. Nf3 Bg7 7. g3 a6 8. a4 Nd7 9. Bf4 Qe7 10. Bg2 Ngf6 11. 0-0 h6 12. h3 g5 13. Bd2 0-0 14. a5 Re8 15. e4 Nf8 16. Re1 Ng6 17. Na4 g4 18. hxg4 Bxg4 19. Nb6 Rad8 20. Qc2 Bxf3 21. Bxf3 Ne5 22. Bg2 Nfg4 23. Bc3 Qg5 24. f4 Qh5 25. fxe5 Qh2+ 26. Kf1 Qxg3 27. Nc4 Nh2+ 1/2-1/2

[Event "Athens Acropolis op"]
[Site "Athens"]
[Date "2006.08.21"]
[Round "9"]
[White "Ignatiadis, Konstantinos"]
[Black "Kakadelis, Stratos"]
[Result "1-0"]
[WhiteElo "2248"]
[BlackElo "2157"]
[PlyCount "138"]
[EventDate "2006.08.13"]
[EventType "swiss"]
[EventRounds "9"]
[EventCountry "GRE"]
[SourceTitle "CBM 113 Extra"]
[Source "ChessBase"]
[SourceDate "2006.09.14"]
[SourceVersion "1"]
[SourceVersionDate "2006.09.14"]
[SourceQuality "1"]

1. d4 e6 2. c4 c5 3. d5 exd5 4. cxd5 d6 5. Nc3 g6 6. Nf3 Bg7 7. g3 a6 8. a4 Nd7 9. Bg2 Ngf6 10. 0-0 0-0 11. Bf4 Qe7 12. Re1 h6 13. Qc2 b6 14. Rab1 Re8 15. h3 Bb7 16. Rbd1 Rac8 17. e4 Nh5 18. Be3 Qf8 19. g4 Nhf6 20. Bf4 g5 21. Bg3 Nh7 22. e5 Nxe5 23. Nxe5 Bxe5 24. Bxe5 Rxe5 25. Rxe5 dxe5 26. Qf5 Re8 27. Be4 Qg7 28. Qd7 Rb8 29. Qc7 Qf8 30. Qxe5 Qd8 31. Bxh7+ Kxh7 32. Ne4 Kg6 33. Ng3 Qh8 34. Qd6+ f6 35. Qxb6 Qe8 36. Qxc5 Qxa4 37. Qd4 Qxd4 38. Rxd4 Rd8 39. Nf5 h5 40. Ne3 hxg4 41. hxg4 Bc8 42. Kg2 f5 43. gxf5+ Bxf5 44. Kg3 Bd7 45. Rc4 Rb8 46. Rc7 Ba4 47. Re7 Rxb2 48. Re6+ Kf7 49. Rxa6 Bd7 50. Ra7 Ke7 51. Kf3 Rb4 52. Kg3 Rb1 53. Nc4 Rb3+ 54. f3 g4 55. Ne5 Kd6 56. Rxd7+ Kxe5 57. Kxg4 Rb1 58. f4+ Kf6 59. Rd6+ Kf7 60. Kf5 Re1 61. Rd7+ Ke8 62. Ra7 Re2 63. d6 Kf8 64. Kf6 Re8 65. Re7 Ra8 66. f5 Ra6 67. Ke6 Rb6 68. Rh7 Kg8 69. Ra7 Rb8 1-0

[Event "Athens Acropolis op"]
[Site "Athens"]
[Date "2006.08.17"]
[Round "5"]
[White "Pandavos, Panayotis"]
[Black "Kakadelis, Stratos"]
[Result "0-1"]
[WhiteElo "2312"]
[BlackElo "2157"]
[PlyCount "62"]
[EventDate "2006.08.13"]
[EventType "swiss"]
[EventRounds "9"]
[EventCountry "GRE"]
[SourceTitle "CBM 113 Extra"]
[Source "ChessBase"]
[SourceDate "2006.09.14"]
[SourceVersion "1"]
[SourceVersionDate "2006.09.14"]
[SourceQuality "1"]

1. e4 e6 2. c4 c5 3. Nc3 Nc6 4. Nf3 a6 5. d4 cxd4 6. Nxd4 Qc7 7. Nc2 Nf6 8. Be2 b6 9. 0-0 Ne5 10. Ne3 Bb7 11. f4 Ng6 12. e5 Ne4 13. Nxe4 Bxe4 14. Bf3 Qc6 15. Bxe4 Qxe4 16. Qf3 Qxf3 17. Rxf3 d6 18. exd6 Bxd6 19. g3 0-0-0 20. Kf1 h5 21. h4 Bc5 22. Ke2 Ne7 23. Nc2 Nf5 24. b4 Bd4 25. Rb1 Rd7 26. Rbb3 Rhd8 27. Rbd3 Kb7 28. Bd2 Rc8 29. Ne3 Nxe3 30. Rfxe3 Rxc4 31. Re4 Rd5 0-1

[Event "Attica-ch op"]
[Site "Attica"]
[Date "2003.05.21"]
[Round "8"]
[White "Kakadelis, Stratos"]
[Black "Stergiou, Evangelos"]
[Result "1-0"]
[WhiteElo "2275"]
[BlackElo "2183"]
[PlyCount "91"]
[EventDate "2003.05.??"]
[EventType "swiss"]
[EventRounds "9"]
[EventCountry "GRE"]
[SourceTitle "EXT 2005"]
[Source "ChessBase"]
[SourceDate "2004.11.15"]
[SourceVersion "1"]
[SourceVersionDate "2004.11.15"]
[SourceQuality "1"]

1. c4 f5 2. Nf3 Nf6 3. g3 g6 4. b3 Bg7 5. Bb2 d6 6. d4 0-0 7. Bg2 c6 8. 0-0 Qe8 9. Qc2 Na6 10. Nbd2 Nc7 11. Rae1 Nh5 12. e4 f4 13. d5 e5 14. dxe6 Bxb2 15. Qxb2 Bxe6 16. Nd4 Bd7 17. Qa3 c5 18. N4f3 Ne6 19. g4 Nf6 20. h3 Bc6 21. e5 dxe5 22. Rxe5 Qf7 23. Rfe1 Rfe8 24. R5e2 Nd4 25. Rxe8+ Rxe8 26. Rxe8+ Qxe8 27. Qxc5 Nxf3+ 28. Nxf3 Qe2 29. Qd4 Bxf3 30. Qxf6 Qe1+ 31. Bf1 Qe4 32. c5 Qb1 33. Qxf4 Bc6 34. Qc4+ Kg7 35. Qd3 Qxa2 36. Qd4+ Kh6 37. Qf4+ Kg7 38. Qe5+ Kf8 39. Qh8+ Ke7 40. Qxh7+ Kf6 41. Qh8+ Kg5 42. Qe5+ Kh6 43. g5+ Kh7 44. Qe7+ Kh8 45. Qf8+ Kh7 46. Qh6+ 1-0